Проведение исследований по получению ангидритового вяжущего из серной кислоты и известняка для использования в качестве компонентов закладочных смесей; Физико-технические проблемы в науке, промышленности и медицине

Dettagli Bibliografici
Parent link:Физико-технические проблемы в науке, промышленности и медицине.— 2016.— [С. 234]
Autore principale: Гурова Н. Б.
Ente Autore: Национальный исследовательский Томский политехнический университет
Altri autori: Китаева Е. С., Денисевич А. А. Александр Александрович
Riassunto:Заглавие с экрана
Lingua:russo
Pubblicazione: 2016
Serie:Информационные технологии, автоматизация и системы управления
Soggetti:
Accesso online:http://earchive.tpu.ru/handle/11683/31142
Natura: MixedMaterials Elettronico Capitolo di libro
KOHA link:https://koha.lib.tpu.ru/cgi-bin/koha/opac-detail.pl?biblionumber=619306

MARC

LEADER 00000naa2a2200000 4500
001 619306
005 20260307161943.0
035 |a (RuTPU)RU\TPU\conf\17723 
035 |a RU\TPU\conf\17722 
090 |a 619306 
100 |a 20160817d2016 k y0rusy50 ca 
101 0 |a rus 
102 |a RU 
105 |a y z 101zy 
135 |a drgn ---uucaa 
181 0 |a i  
182 0 |a b 
200 1 |a Проведение исследований по получению ангидритового вяжущего из серной кислоты и известняка для использования в качестве компонентов закладочных смесей  |f Н. Б. Гурова, Е. С. Китаева, А. А. Денисевич 
203 |a Текст  |c электронный 
225 1 |a Информационные технологии, автоматизация и системы управления 
300 |a Заглавие с экрана 
320 |a [Библиогр.: с. 234 (2 назв.)] 
463 0 |0 (RuTPU)RU\TPU\conf\17455  |t Физико-технические проблемы в науке, промышленности и медицине  |o сборник тезисов докладов VIII Международной научно-практической конференции, г. Томск, 1-3 июня 2016 г.  |f Национальный исследовательский Томский политехнический университет (ТПУ) ; под ред. О. Ю. Долматова [и др.]  |v [С. 234]  |d 2016 
610 1 |a труды учёных ТПУ 
610 1 |a электронный ресурс 
610 1 |a вяжущие 
610 1 |a серная кислота 
610 1 |a известняки 
610 1 |a закладочные смеси 
610 1 |a АСУТП 
610 1 |a кальцитоангидрит 
610 1 |a автоматизированные системы управления 
700 1 |a Гурова  |b Н. Б. 
701 1 |a Китаева  |b Е. С. 
701 1 |a Денисевич  |b А. А.  |c специалист в области электротехники  |c ассистент кафедры Томского политехнического университета, инженер-проектировщик  |f 1987-  |g Александр Александрович  |3 (RuTPU)RU\TPU\pers\28163  |9 13121 
712 0 2 |a Национальный исследовательский Томский политехнический университет  |c (2009- )  |9 26305 
801 2 |a RU  |b 63413507  |c 20160826  |g RCR 
856 4 |u http://earchive.tpu.ru/handle/11683/31142 
942 |c BK